Những trắc nghiệm tâm lý. t.I, trắc nghiệm về trí tuệ /

Guardado en:
Detalles Bibliográficos
Autor principal: Ngô Công Hoàn, PGS.TS. (chủ biên.)
Otros Autores: Nguyễn Thị Kim Quý, TS., Nguyễn Thị Thanh Bình, TS.
Formato: Sách giấy
Lenguaje:Vietnamese
Publicado: H. : Đại học Sư phạm, 2007.
Edición:In lần thứ ba.
Materias:
Etiquetas: Agregar Etiqueta
Sin Etiquetas, Sea el primero en etiquetar este registro!
Thư viện lưu trữ: Thư viện Trường Đại học Đà Lạt
LEADER 00963nam a2200337 4500
001 DLU120134085
005 ##20120419
040 # # |a DLU  |b vie 
041 # # |a vie 
044 # # |a vn 
082 # # |a 153.93  |b NG-H 
100 # # |a Ngô Công Hoàn,  |c PGS.TS.  |e chủ biên. 
245 # # |a Những trắc nghiệm tâm lý.  |n t.I,  |p trắc nghiệm về trí tuệ /  |c Ngô Công Hoàn, Nguyễn Thị Thanh Bình, Nguyễn Thị Kim Quý. 
250 # # |a In lần thứ ba. 
260 # # |a H. :  |b Đại học Sư phạm,  |c 2007. 
300 # # |a 250 tr. :  |b minh hoạ ;  |c 21 cm. 
650 # # |a Trắc nghiệm thông minh. 
700 # # |a Nguyễn Thị Kim Quý,  |c TS. 
700 # # |a Nguyễn Thị Thanh Bình,  |c TS. 
923 # # |a 01/2012SP 
990 # # |a t.I 
991 # # |a SH 
992 # # |a 27000 
994 # # |a KSP 
900 # # |a True 
911 # # |a Nguyễn Thanh Hương 
925 # # |a G 
926 # # |a A 
927 # # |a SH 
980 # # |a Thư viện Trường Đại học Đà Lạt